| 000 | 00385nam a2200157Ia 4500 | ||
|---|---|---|---|
| 008 | 180207s9999 xx 000 0 und d | ||
| 050 | _bO625 [1996] | ||
| 245 | _aOpposites up and down / | ||
| 260 | _aTokyo : | ||
| 260 | _bGoodwill Trading Co., Inc., | ||
| 260 | _c[1996] | ||
| 300 | _aunpaged : | ||
| 300 | _bchiefly colored ; | ||
| 300 | _c17cm. | ||
| 440 | _aSunny day series. | ||
| 999 |
_c355739 _d355739 |
||